00421nam a22001457a 450000500170000000800410001702000150005804100120007308200120008510000120009724500610010926000560017030000250022665000240025120240809133348.0240809b |||||||| |||| 00| 0 eng d a0409016837 aEnglish a349 SOU lEnglish aIndex and Noter-Up to the South African Law Reports 1997 aDurban: bButterworth Publishers (Pty) Ltd, c1998  b349 pages; c25 cm.  aLegal practicebLaw